Algunos documentos para la biografía de Argote de Molina / (Record no. 93827)

MARC details
000 -LEADER
campo de control de longitud fija 00558nam a2200169 i 4500
001 - NÚMERO DE CONTROL
campo de control 93827
003 - IDENTIFICADOR DE NÚMERO DE CONTROL
campo de control ES-MaACL
005 - FECHA Y HORA DE LA ÚLTIMA TRANSACCIÓN
campo de control 20250815060442.0
007 - CAMPO FIJO DE DESCRIPCIÓN FÍSICA--INFORMACIÓN GENERAL
campo de control de longitud fija t|
008 - DATOS DE LONGITUD FIJA--INFORMACIÓN GENERAL
campo de control de longitud fija 050420s1921 sp ||||1| spa d
100 1# - ENTRADA PRINCIPAL--NOMBRE DE PERSONA
Nombre de persona López Martínez, Celestino.
9 (RLIN) 73757
245 10 - MENCIÓN DEL TÍTULO
Título Algunos documentos para la biografía de Argote de Molina /
Mención de responsabilidad, etc. Reunidos por D. Celestino López Martínez.
260 ## - PUBLICACIÓN, DISTRIBUCIÓN, ETC.
Lugar de publicación, distribución, etc. Sevilla :
Nombre del editor, distribuidor, etc. Imp. de Eulogio de las Heras,
Fecha de publicación, distribución, etc. 1921.
600 14 - PUNTO DE ACCESO ADICIONAL DE MATERIA--NOMBRE DE PERSONA
Nombre de persona Argote de Molina, Gonzalo,
Fechas asociadas al nombre 1549-1596
9 (RLIN) 22705
852 ## - LOCALIZACIÓN
Ubicación ES-MaACL
Número de control de estantería 1619-F-4
Holdings
Estatus retirado Estado de pérdida Estado de daño No para préstamo Colección Biblioteca de origen Biblioteca actual Ubicación en estantería Fecha de adquisición Fuente de adquisición Total de préstamos Signatura topográfica completa Código de barras Visto por última vez Precio de reemplazo Tipo de ítem Koha
        Colección de folletos Biblioteca del Ateneo de Madrid Biblioteca del Ateneo de Madrid Depósito folletos 17/01/2008     1619-F-4 1097988 23/02/2023 23/02/2023 Folleto